Diccionario visual : (Record no. 197003)

MARC details
000 -LEADER
campo de control de longitud fija 01013nam a2200313 i 4500
001 - NÚMERO DE CONTROL
campo de control 197003
003 - IDENTIFICADOR DE NÚMERO DE CONTROL
campo de control ES-MaREB
005 - FECHA Y HORA DE LA ÚLTIMA TRANSACCIÓN
campo de control 20250314063333.0
007 - CAMPO FIJO DE DESCRIPCIÓN FÍSICA--INFORMACIÓN GENERAL
campo de control de longitud fija ta
008 - DATOS DE LONGITUD FIJA--INFORMACIÓN GENERAL
campo de control de longitud fija 250312s2012 sp ao gr 001 0 mul c
020 ## - NÚMERO INTERNACIONAL ESTÁNDAR DEL LIBRO
Número Internacional Estándar del Libro 9783625002062
035 ## - NÚMERO DE CONTROL DEL SISTEMA
Número de control de sistema 01674895
035 ## - NÚMERO DE CONTROL DEL SISTEMA
Número de control de sistema CCBIP00340962
040 ## - FUENTE DE CATALOGACIÓN
Centro catalogador/agencia de origen bp-vi
Lengua de catalogación spa
Centro/agencia transcriptor ES-MaACL
080 1# - NÚMERO DE LA CLASIFICACIÓN DECIMAL UNIVERSAL
Número de la Clasificación Decimal Universal (038)=112.2=134.2
245 00 - MENCIÓN DEL TÍTULO
Título Diccionario visual :
Resto del título alemán-español /
Mención de responsabilidad, etc. [autoras: Katrin Höller ; Christina Kuhn].
260 ## - PUBLICACIÓN, DISTRIBUCIÓN, ETC.
Lugar de publicación, distribución, etc. Colonia (Alemania) :
Nombre del editor, distribuidor, etc. NGV,
Fecha de publicación, distribución, etc. [2012]
300 ## - DESCRIPCIÓN FÍSICA
Extensión 352 p. :
Otras características físicas il. col. ;
Dimensiones 16 cm.
336 ## - TIPO DE CONTENIDO
Fuente rdacontent
Término de tipo de contenido texto
337 ## - TIPO DE MEDIO
Fuente rdamedia
Nombre/término del tipo de medio sin mediación
338 ## - TIPO DE SOPORTE
Fuente rdacarrier
Nombre/término del tipo de soporte volumen
650 #4 - PUNTO DE ACCESO ADICIONAL DE MATERIA--TÉRMINO DE MATERIA
Término de materia o nombre geográfico como elemento de entrada Lengua alemana-
Subdivisión de forma Diccionarios-
Subdivisión general Español
9 (RLIN) 14082
700 1# - ENTRADA AGREGADA--NOMBRE PERSONAL
Nombre de persona Höller, Katrin
9 (RLIN) 239796
700 1# - ENTRADA AGREGADA--NOMBRE PERSONAL
Nombre de persona Kuhn, Christina
9 (RLIN) 239797
852 ## - LOCALIZACIÓN
Ubicación ES-MaACL
Ubicación en estantería Depósito 2
itemnumber 204749
Número de control de estantería G-16045
942 ## - ELEMENTOS DE ENTRADA SECUNDARIOS (KOHA)
Suprimir en OPAC No
Tipo de ítem Koha Libro impreso
Holdings
Estatus retirado Estado de pérdida Fuente del sistema de clasificación o colocación Estado de daño No para préstamo Biblioteca de origen Biblioteca actual Ubicación en estantería Fecha de adquisición Fuente de adquisición Total de préstamos Signatura topográfica completa Código de barras Visto por última vez Precio de reemplazo Tipo de ítem Koha
    Clasificación decimal universal     Biblioteca del Ateneo de Madrid Biblioteca del Ateneo de Madrid Depósito 2 12/03/2025 Donación   G-16045 101229502 12/03/2025 12/03/2025 Libro impreso